00799nam a22002297a 450000500170000001000260001702000260004302000230006902000110009203500140010303500130011703700130013003700240014308200110016710000280017824501560020626000410036227000840040330000270048750000190051470000360053320210204131319.0 aENG-120058 B-736833 c395.00a9788175360839 c395.00a8175360836 c250.00 aEN-103590 aB-736833 bDBAD/PUB bGift/Eng/03-02-2021 a954.07 aCunningham,Joseph Davey aHistory of the Sikhs:bfrom the origin of the nation to battels of the Sutlej /cby Josheph Davey Cunningham ; edited by Herbert Leonard Offley Garrett aDelhi bLow Price Publicationsc2012 aA-6,Second Floor, Nimri Commercial Center, Ashok Vihar Phase IVbDelhi e110052 axlix, 402p.c22cm(pbk) aIncludes index aGarrett, Herbert Leonard Offley